Process systems analysis and control (Record no. 13575)

000 -LEADER
fixed length control field 00578nam a22002051 4500
001 - CONTROL NUMBER
control field 13575
003 - CONTROL NUMBER IDENTIFIER
control field BD-DhUET
008 - FIXED-LENGTH DATA ELEMENTS--GENERAL INFORMATION
fixed length control field 730306s1965 nyua b 000 0 eng
040 ## - CATALOGING SOURCE
Original cataloging agency DLC
Transcribing agency DLC
Modifying agency BD-DhUET
082 ## - DEWEY DECIMAL CLASSIFICATION NUMBER
Classification number 660.284
Item number COU/1965
100 1# - MAIN ENTRY--PERSONAL NAME
Personal name Coughanowr, Donald R.
245 10 - TITLE STATEMENT
Title Process systems analysis and control
250 ## - EDITION STATEMENT
Edition statement 1st ed.
260 ## - PUBLICATION, DISTRIBUTION, ETC. (IMPRINT)
Place of publication, distribution, etc. New York
Name of publisher, distributor, etc. McGraw-Hill
Date of publication, distribution, etc. 1965
300 ## - PHYSICAL DESCRIPTION
Extent xii, 491 p.
Other physical details ill.
Dimensions 21 cm.
490 ## - SERIES STATEMENT
Series statement McGraw-Hill chemical engineering series
650 #0 - SUBJECT ADDED ENTRY--TOPICAL TERM
Topical term or geographic name as entry element Control devices process engineering
700 ## - ADDED ENTRY--PERSONAL NAME
Personal name Koppel, Lowell B.
942 ## - ADDED ENTRY ELEMENTS (KOHA)
Koha item type General Book
Holdings
Price effective from Date acquired Piece designation (barcode) Lost status Not for loan Koha date last seen Koha date last borrowed Sublocation or collection (holding branch) Koha normalized classification for sorting Koha issues (times borrowed) Location (home branch) Koha item type Koha full call number Shelving location Damaged status Copy number Withdrawn status Source of classification or shelving scheme
2015-03-032015-03-0329699  2015-03-03 Central Library, BUET660_284000000000000_COU_1965 Central Library, BUETGeneral Book660.284/COU/1965Circulation section 1  
2015-03-032015-03-0329689  2017-05-092017-05-09Central Library, BUET660_284000000000000_COU_19651Central Library, BUETGeneral Book660.284/COU/1965Circulation section 2  
2015-03-032015-03-0329697  2015-03-03 Central Library, BUET660_284000000000000_COU_1965 Central Library, BUETGeneral Book660.284/COU/1965Circulation section 3  
2015-03-032015-03-0329692  2015-03-03 Central Library, BUET660_284000000000000_COU_1965 Central Library, BUETGeneral Book660.284/COU/1965Circulation section 4  
2015-03-032015-03-0329698  2015-03-03 Central Library, BUET660_284000000000000_COU_1965 Central Library, BUETGeneral Book660.284/COU/1965Circulation section 5  
2015-03-032015-03-0329690  2015-03-03 Central Library, BUET660_284000000000000_COU_1965 Central Library, BUETGeneral Book660.284/COU/1965Circulation section 6  
2015-03-032015-03-0329688  2015-03-03 Central Library, BUET660_284000000000000_COU_1965 Central Library, BUETGeneral Book660.284/COU/1965Cataloging to Circulation 7  
2015-03-042015-03-0434519  2015-03-04 Central Library, BUET660_284000000000000_COU_1965 Central Library, BUETGeneral Book660.284/COU/1965Circulation section 8  
2015-05-112015-05-1129694  2015-05-11 Central Library, BUET660_284000000000000_COU_1965 Central Library, BUETGeneral Book660.284/COU/1965Circulation section 9  
2015-05-112015-05-1129696  2015-05-11 Central Library, BUET660_284000000000000_COU_1965 Central Library, BUETGeneral Book660.284/COU/1965Circulation section 10  
2015-05-132015-05-1329695  2015-05-13 Central Library, BUET660_284000000000000_COU_1965 Central Library, BUETGeneral Book660.284/COU/1965Circulation section 11  
2015-05-142015-05-1417869  2015-05-14 Central Library, BUET660_284000000000000_COU_1965 Central Library, BUETGeneral Book660.284/COU/1965Circulation section 12  
2015-05-182015-05-1815822  2015-05-18 Central Library, BUET660_284000000000000_COU_1965 Central Library, BUETGeneral Book660.284/COU/1965Circulation section 13  
2015-06-202015-06-2029700  2015-06-20 Central Library, BUET660_284000000000000_COU_1965 Central Library, BUETGeneral Book660.284/COU/1965Reading section 14  
2015-06-202015-06-2029701  2015-06-20 Central Library, BUET660_284000000000000_COU_1965 Central Library, BUETGeneral Book660.284/COU/1965Reading section 15  
2015-07-102015-07-1016716  2015-07-10 Central Library, BUET660_284000000000000_COU_1965 Central Library, BUETGeneral Book660.284/COU/1965Circulation section 16